000
00224nam a22000857a 4500
008
160916b xxu||||| |||| 00| 0 eng d
100
_9
591
_a
Robinson s
245
_a
Dr. Jekyl and Mr.Hyde
260
_a
USA
_b
Franklin publication
_c
2011
999
_c
3247
_d
3247